UM Logo

P-Adic families of automorphic forms in the u-ordinary setting / (Record no. 17913)

MARC details
000 -LEADER
fixed length control field 00683nam a22001817a 4500
008 - FIXED-LENGTH DATA ELEMENTS--GENERAL INFORMATION
fixed length control field 230203b ||||| |||| 00| 0 eng d
082 ## - DEWEY DECIMAL CLASSIFICATION NUMBER
Classification number DPer 510.5 Am351 February - April 2021 v143 no. 1-2
100 ## - MAIN ENTRY--PERSONAL NAME
Personal name Eischen, E.
Relator term author.
9 (RLIN) 47654
245 ## - TITLE STATEMENT
Title P-Adic families of automorphic forms in the u-ordinary setting /
Statement of responsibility, etc. E. Eischen and E. Mantovan
260 ## - PUBLICATION, DISTRIBUTION, ETC. (IMPRINT)
Place of publication, distribution, etc. Baltimore, Maryland U.S.,
Name of publisher, distributor, etc. Johns Hopkins University Press,
Date of publication, distribution, etc. February 2021.
300 ## - PHYSICAL DESCRIPTION
Extent volume 143, pages 1-52.
650 ## - SUBJECT ADDED ENTRY--TOPICAL TERM
Topical term or geographic name as entry element Numbers.
9 (RLIN) 47655
650 ## - SUBJECT ADDED ENTRY--TOPICAL TERM
Topical term or geographic name as entry element Number Theory.
9 (RLIN) 47656
650 ## - SUBJECT ADDED ENTRY--TOPICAL TERM
Topical term or geographic name as entry element Geometry.
9 (RLIN) 47657
700 ## - ADDED ENTRY--PERSONAL NAME
Personal name Eischen, E.
Relator term author.
9 (RLIN) 47658
700 ## - ADDED ENTRY--PERSONAL NAME
Personal name Mantovan, E.
Relator term author.
9 (RLIN) 47659
942 ## - ADDED ENTRY ELEMENTS (KOHA)
Source of classification or shelving scheme Dewey Decimal Classification
Koha item type Periodicals
Holdings
Withdrawn status Lost status Source of classification or shelving scheme Damaged status Not for loan Collection code Home library Current library Date acquired Total Checkouts Full call number Date last seen Price effective from Koha item type Public note
    Dewey Decimal Classification     Periodicals UM Digos College - LIC UM Digos College - LIC 02/03/2023   DPer 510.5 Am351 February - April 2021 v143 no. 1-2 02/03/2023 02/03/2023 Periodicals Periodical article